Top 10 Highest FIFA Women's Rankings of UEFA Countries - Statistics

General Stats
  • This quiz has been taken 465 times
  • The average score is 8 of 10
Answer Stats
Rank Points Country % Correct
3 2041 France
95%
2 2109 Germany
95%
14 1862 Spain
93%
8 1977 Sweden
91%
5 2030 England
90%
16 1854 Italy
86%
11 1927 Norway
85%
12 1903 Netherlands
83%
15 1861 Denmark
71%
17 1848 Switzerland
59%
No matching quizzes found
Score Distribution
Percent of People with Each Score
Percentile by Number Answered
Your Score History
You have not taken this quiz